| 000 | 00624nam a2200181Ia 4500 | ||
|---|---|---|---|
| 005 | 20240530105007.0 | ||
| 008 | 140319s1984 xx 000 0 ara d | ||
| 040 |
_aGCL / _cGCL |
||
| 082 | 0 | 4 |
_a516.6 / _bب و |
| 100 | 1 | _aبرهامى حشيش | |
| 245 | 1 | 0 |
_aالوسيط فى الهندسة الوصيفة المترية / _cبرهامى حشيش |
| 260 |
_aبيروت : _bدار الراتب الجامعية، _c1984 |
||
| 300 |
_a242 ص ؛ _c24 سم |
||
| 650 | 0 | 4 | _aالهندسة الوصفية |
| 650 | 0 | 4 | _aالهندسة الفراغية |
| 942 |
_2ddc _cBK |
||
| 999 |
_c52363 _d52363 |
||